000 00841nam a22002531u 4500
001 07016
003 HDC
007 cr bn ---
008 210126p9999 o d 00 engg
040 _aHDC
100 _aZhari Ismail
_eauthor
_94487
245 0 _aHalal Pharmaceuticals : Are We Prepared?
260 _a[No Place] :
_b[publisher not identified],
_c[no year]
300 _a28 pages :
_billustrations
336 _atext
_2rdacontent
337 _acomputer
_2rdamedia
338 _aonline resource
_2rdacarrier
650 _ahalal paradigm
_97515
650 _aHalal Pharmaceuticals
_91242
856 _zRequest full-text at [email protected]
942 _2lcc
942 _cSLIDE
942 _kSLID 000240
999 _c4340
_d4340